A PROSPECTIVE STUDY ON DIFFERENT MODALITIES OF MANAGEMENTOF LIVER ABSCESSES (Record no. 33181)

MARC details
000 -LEADER
fixed length control field 00366nam a22001457a 4500
003 - CONTROL NUMBER IDENTIFIER
control field SGT
082 ## - DEWEY DECIMAL CLASSIFICATION NUMBER
Classification number 617
Item number P21A
100 ## - MAIN ENTRY--PERSONAL NAME
Personal name ARORA. PRATUL
245 ## - TITLE STATEMENT
Title A PROSPECTIVE STUDY ON DIFFERENT MODALITIES OF MANAGEMENTOF LIVER ABSCESSES
260 ## - PUBLICATION, DISTRIBUTION, ETC. (IMPRINT)
Place of publication, distribution, etc GURUGRAM
Name of publisher, distributor, etc SGT UNIVERSITY
Year of Publication 2021
300 ## - PAGE DESCRIPTION
No. of Pages 106
650 ## - SUBJECT ADDED ENTRY--TOPICAL TERM
Topical term or geographic name as entry element GENERAL SURGERY
653 ## - KEYWORDS--INDEX TERM
Keyword term MS
942 ## - ADDED ENTRY ELEMENTS (KOHA)
Source of classification or shelving scheme Dewey Decimal Classification
Koha item type Thesis/Dissertation
Holdings
Withdrawn status Lost status Source of classification or shelving scheme Damaged status Not for loan Home library Current library Shelving location Date acquired Total Checkouts Full call number Accession No. (Barcode) Date last seen Bill Date Koha item type
    Dewey Decimal Classification   Not For Loan SGT Medical Library SGT Medical Library Reference Book 12/11/2025   617 P21A DT2462 12/11/2025 12/11/2025 Thesis/Dissertation